[Event "Untergrombach op"]
[Site "Untergrombach"]
[Date "1998.??.??"]
[Round "?"]
[White "Degenhardt, Horst"]
[Black "Hoffmann, Michael"]
[Result "1-0"]
[WhiteElo "2340"]
[BlackElo "2430"]
[PlyCount "63"]
[EventDate "1998.??.??"]
[Source "www.chesslib.no"]
[SourceDate "2004.05.04"]

1. c4 e6 2. Nc3 Nf6 3. e4 d5 4. cxd5 exd5 5. e5 d4 6. exf6 dxc3 7. Qe2+ Be6 8. dxc3 Qxf6 9. Qb5+ Nd7 10. Qxb7 Qe5+ 11. Ne2 Bd5 12. Qb5 Rb8 13. Qa4 Bc5 14. Bf4 Qf6 15. O-O-O Bc6 16. Qc4 Bb5 17. Qe4+ Be7 18. Nd4 Bxf1 19. Rhxf1 O-O 20. Bxc7 Rbc8 21. Nc6 Rxc7 22. Nxe7+ Kh8 23. Nd5 Qh6+ 24. Qe3 Qxe3+ 25. Nxe3 g6 26. Nd5 Rb7 27. Rfe1 Rfb8 28. b4 a5 29. a3 axb4 30. axb4 Ra7 31. Re7 Rba8 32. Kd2 1-0

[Event "Nojabrsk RUS"]
[Site "?"]
[Date "2005.04.12"]
[Round "7"]
[White "Askarov Marat"]
[Black "Ivanov Al3"]
[Result "1-0"]
[WhiteElo "2455"]
[BlackElo "2303"]
[PlyCount "64"]
[EventDate "2005.??.??"]
[Source "www.chesslib.no"]
[SourceDate "2004.05.04"]

1. c4 Nf6 2. Nc3 e6 3. e4 d5 4. cxd5 exd5 5. e5 Nfd7 6. d4 Nb6 7. Bd3 c5 8. Nge2 Nc6 9. Be3 cxd4 10. Nxd4 Nxe5 11. Bb5+ Bd7 12. Qh5 Ng6 13. O-O Bxb5 14. Ndxb5 Be7 15. Bxb6 axb6 16. Rfd1 O-O 17. Nxd5 Bc5 18. b4 Be7 19. Ndc7 Qc8 20. Nxa8 Qxa8 21. Nc7 Qa3 22. Nd5 Bxb4 23. Nxb4 Qxb4 24. a3 Qb2 25. Qf3 Re8 26. Rab1 Qe5 27. g3 Qa5 28. Rd3 Qa4 29. Rbd1 Ne5 30. Qe2 f6 31. Rd8 Rxd8 32. Rxd8+ Kf7 1-0

[Event "XI Open"]
[Site "Malaga ESP"]
[Date "2008.02.25"]
[Round "4"]
[White "Karlsson, L."]
[Black "Lasinskas, P."]
[Result "1-0"]
[WhiteElo "2488"]
[BlackElo "2265"]
[PlyCount "91"]
[EventDate "2008.02.23"]
[Source "www.chesslib.no"]
[SourceDate "2004.05.04"]

1. c4 Nf6 2. Nc3 e6 3. e4 d6 4. d4 Nbd7 5. f4 e5 6. fxe5 dxe5 7. dxe5 Nxe5 8. Qxd8+ Kxd8 9. Bg5 c6 10. Nf3 Bd6 11. O-O-O Ke7 12. Be2 Bc7 13. Nd4 h6 14. Bh4 Ng6 15. Bf2 Rd8 16. Rhe1 Be6 17. Kc2 Nd7 18. Nd5+ cxd5 19. exd5 Ba5 20. Rf1 Bxd5 21. Nf5+ Kf8 22. Rxd5 Bb6 23. Bg3 Nf6 24. Bd6+ Kg8 25. Nxh6+ Kh7 26. Rxf6 gxf6 27. Nf5 Ne5 28. Bd3 Nxd3 29. Kxd3 Rd7 30. b4 Bc7 31. c5 Re8 32. Rd4 Re1 33. a4 Kg6 34. g4 Rd1+ 35. Kc4 Rxd4+ 36. Kxd4 Kg5 37. h3 a5 38. b5 b6 39. Kd5 bxc5 40. Kxc5 Bxd6+ 41. Nxd6 Rc7+ 42. Kb6 Rd7 43. Kc6 Re7 44. b6 Kf4 45. b7 Rxb7 46. Nxb7 1-0

[Event "Bucharest IM"]
[Site "Bucharest"]
[Date "2000.??.??"]
[Round "10"]
[White "Vasilescu, Lucian"]
[Black "Burnoiu, Nicolae Costel"]
[Result "1-0"]
[WhiteElo "2389"]
[BlackElo "2353"]
[PlyCount "43"]
[EventDate "2000.03.??"]
[Source "www.chesslib.no"]
[SourceDate "2004.05.04"]

1. c4 Nf6 2. Nc3 e6 3. e4 d5 4. cxd5 exd5 5. e5 Ne4 6. Nf3 c6 7. d4 Bb4 8. Bd2 Nxd2 9. Qxd2 Bg4 10. a3 Be7 11. Be2 Nd7 12. O-O O-O 13. Ne1 Bxe2 14. Qxe2 f6 15. f4 c5 16. Nxd5 cxd4 17. Nf3 fxe5 18. fxe5 Nb6 19. Nxe7+ Qxe7 20. Rad1 Qc5 21. Qe4 Nc4 22. Ng5 1-0

[Event "Buenos Aires ol (Men)"]
[Site "Buenos Aires"]
[Date "1978.??.??"]
[Round "?"]
[White "Chandler, Murray G"]
[Black "Belkadi, Ridha"]
[Result "0-1"]
[WhiteElo "2390"]
[BlackElo "2350"]
[PlyCount "124"]
[EventDate "1978.10.??"]
[Source "www.chesslib.no"]
[SourceDate "2004.05.04"]

1. c4 Nf6 2. Nc3 e6 3. e4 d5 4. cxd5 exd5 5. e5 d4 6. exf6 dxc3 7. fxg7 Bxg7 8. dxc3 Qe7+ 9. Be2 Nc6 10. Nf3 Bd7 11. Be3 O-O-O 12. Qc2 Qe6 13. O-O Bh6 14. Bxh6 Qxh6 15. Qc1 Qe6 16. Qe3 Qg6 17. Bd3 Qh5 18. Qg5 Qxg5 19. Nxg5 Ne5 20. Bc2 h6 21. Ne4 Bc6 22. b3 Rhg8 23. f4 Rd2 24. Rf2 Nf3+ 25. Kf1 Nxh2+ 26. Ke1 Rxc2 27. Rxc2 Bxe4 28. Re2 f5 29. Kd2 Rd8+ 30. Kc1 Ng4 31. Kb2 Rd3 32. Rae1 Rg3 33. Rd2 b6 34. c4 Kb7 35. Rd7 Rxg2+ 36. Ka3 Kc6 37. Rd8 a5 38. Rh8 Rh2 39. Rh7 Rd2 40. Rg7 Rg2 41. Rh7 Rh2 42. Rd1 Ne3 43. Rdd7 Kc5 44. Rxc7+ Bc6 45. Rhf7 Nc2+ 46. Kb2 Nb4+ 47. Kc1 Kd4 48. Rg7 Nd3+ 49. Kb1 Be4 50. Rg3 Kc3 51. Rcg7 Rh1+ 52. Rg1 Nxf4+ 53. Ka1 Rxg1+ 54. Rxg1 h5 55. Rg7 h4 56. Rh7 Ng2 57. a4 f4 58. Rh6 f3 59. Ka2 Bf5 60. Rf6 Ne3 61. c5 f2 62. cxb6 f1=Q 0-1

[Event "It"]
[Site "Piestany"]
[Date "2004.11.25"]
[Round "10"]
[White "Pribyl, Josef"]
[Black "Kotan, Ladislav"]
[Result "1/2-1/2"]
[WhiteElo "2400"]
[BlackElo "2332"]
[PlyCount "33"]
[EventDate "2004.11.17"]
[Source "Roberto Alvarez"]
[SourceDate "2004.11.29"]

1. c4 Nf6 2. Nc3 e6 3. e4 d6 4. d4 b6 5. Nf3 Bb7 6. Bd3 c5 7. d5 e5 8. O-O Be7 9. Ne1 O-O 10. a3 Bc8 11. b4 Ne8 12. Bc2 Bg5 13. Nd3 g6 14. f4 exf4 15. Bxf4 Bxf4 16. Rxf4 Bd7 17. Qe2 1/2-1/2

[Event "BUL Ch"]
[Site "Sofia BUL"]
[Date "1982.??.??"]
[Round "15"]
[White "Stefanov, Krasimir"]
[Black "Donchev, Dimitar I"]
[Result "1/2-1/2"]
[WhiteElo "2300"]
[BlackElo "2430"]
[PlyCount "70"]
[EventDate "1982.??.??"]
[Source "www.chesslib.no"]
[SourceDate "2004.05.04"]

1. c4 Nf6 2. Nc3 e6 3. e4 d5 4. cxd5 exd5 5. e5 Ne4 6. d4 Bb4 7. Bd2 Nxd2 8. Qxd2 c5 9. a3 Ba5 10. Rd1 cxd4 11. Qxd4 Nc6 12. Qxd5 Qxd5 13. Rxd5 Be6 14. Rd2 Nxe5 15. Bb5+ Kf8 16. b4 Bd8 17. Nge2 a6 18. Bd3 Bg5 19. f4 Bh4+ 20. Ng3 Rc8 21. Nce2 Nxd3+ 22. Rxd3 Bc4 23. Rd2 g6 24. Kf2 Kg7 25. Nc3 Bd8 26. Nge4 Bb6+ 27. Kf3 Rhe8 28. Na4 Bc7 29. Nac3 Re7 30. Rhd1 Rce8 31. Rd7 Bb6 32. Rxe7 Rxe7 33. Nd5 Bxd5 34. Rxd5 f5 35. Nc5 Ba7 1/2-1/2

[Event "Martinez Acosta A"]
[Site "Martinez Acosta A"]
[Date "1995.??.??"]
[Round "?"]
[White "Acedo, Hector Oscar"]
[Black "Kolenbrander, Joop N"]
[Result "1-0"]
[WhiteElo "2365"]
[BlackElo "2345"]
[PlyCount "45"]
[EventDate "1995.??.??"]
[Source "www.chesslib.no"]
[SourceDate "2004.05.04"]

1. c4 Nf6 2. Nc3 e6 3. e4 Bb4 4. e5 Ng8 5. Qg4 Kf8 6. d4 c5 7. Nf3 Qa5 8. Bd2 cxd4 9. Qxd4 Nc6 10. Qf4 Nge7 11. Bd3 Ng6 12. Bxg6 hxg6 13. O-O d6 14. a3 dxe5 15. axb4 exf4 16. bxa5 e5 17. g3 Bg4 18. Ng5 Rd8 19. Nd5 f6 20. f3 Bf5 21. Ne4 fxg3 22. hxg3 Kf7 23. Be3 1-0

[Event "CZE-chT2a 0001"]
[Site "?"]
[Date "2001.??.??"]
[Round "9"]
[White "Pacovsky Jiri"]
[Black "Kucera Petr"]
[Result "1/2-1/2"]
[WhiteElo "2335"]
[BlackElo "2375"]
[PlyCount "72"]
[EventDate "2001.??.??"]
[Source "www.chesslib.no"]
[SourceDate "2004.05.04"]

1. c4 Nf6 2. Nc3 e6 3. e4 d5 4. cxd5 exd5 5. e5 Ne4 6. d4 Bb4 7. Qa4+ Nc6 8. Bb5 Bd7 9. Nge2 Nxc3 10. bxc3 Be7 11. O-O a6 12. Bxc6 Bxc6 13. Qc2 Bb5 14. Re1 Bxe2 15. Qxe2 O-O 16. a4 Qd7 17. a5 Rfe8 18. Bf4 Qc6 19. Qd3 Bf8 20. Reb1 Reb8 21. h3 b5 22. axb6 Rxb6 23. Rxb6 cxb6 24. Rxa6 Rxa6 25. Qxa6 Qxc3 26. Qxb6 Qe1+ 27. Kh2 Qxf2 28. Bc1 Qe1 29. Bf4 Qe4 30. Bc1 Qe1 31. Bf4 h6 32. Bg3 Qe4 33. Bf2 Ba3 34. Qb8+ Bf8 35. Kh1 g5 36. Qd8 Qb1+ 1/2-1/2

[Event "Corr"]
[Site "Czechoslovakia"]
[Date "1978.??.??"]
[Round "?"]
[White "Cech, Pavel"]
[Black "Kratochwil, Christian"]
[Result "1-0"]
[WhiteElo "2385"]
[BlackElo "2315"]
[PlyCount "67"]
[EventDate "1978.??.??"]
[Source "www.chesslib.no"]
[SourceDate "2004.05.04"]

1. c4 Nf6 2. Nc3 e6 3. e4 d5 4. cxd5 exd5 5. e5 Ne4 6. d4 Bb4 7. Qa4+ Nc6 8. Bb5 Bd7 9. Nge2 O-O 10. Bxc6 Bxc3+ 11. bxc3 Bxc6 12. Qb3 Qh4 13. O-O f6 14. f3 fxe5 15. dxe5 Nc5 16. Qd1 Rf5 17. Qd4 Qxd4+ 18. cxd4 Ne6 19. g4 Rf7 20. a4 g5 21. Be3 Raf8 22. Kg2 Nf4+ 23. Bxf4 gxf4 24. h4 a6 25. Rfc1 Be8 26. Nc3 c6 27. a5 Bd7 28. Na4 Bc8 29. Nc5 Re8 30. h5 Kg7 31. Kh3 Kh6 32. Kh4 Rg7 33. Rg1 Rf7 34. Rab1 1-0

[Event "XI Festival"]
[Site "Voronezh RUS"]
[Date "2007.06.21"]
[Round "9"]
[White "Grigorian, V."]
[Black "Rodin, D."]
[Result "0-1"]
[WhiteElo "2255"]
[BlackElo "2442"]
[PlyCount "96"]
[EventDate "2007.06.12"]
[Source "www.chesslib.no"]
[SourceDate "2004.05.04"]

1. c4 Nf6 2. Nc3 e6 3. e4 d5 4. cxd5 exd5 5. e5 Ne4 6. Nf3 Nc6 7. Bb5 Be7 8. Qa4 Nxc3 9. Bxc6+ bxc6 10. Qxc6+ Bd7 11. Qxc3 c5 12. e6 Bxe6 13. Qxg7 Bf6 14. Qh6 Rg8 15. O-O Rg6 16. Qxh7 d4 17. Qh5 Qd5 18. Qxd5 Bxd5 19. Ne1 d3 20. g3 c4 21. Rb1 O-O-O 22. Ng2 Bf3 23. Re1 Rh6 24. Re3 Bc6 25. h4 Bd4 26. Re7 Rg8 27. Kf1 Rf6 28. Nf4 Rxf4 29. gxf4 Rg2 30. Re3 Rh2 31. f3 Bxe3 32. dxe3 Bxf3 33. e4 Bxe4 34. Be3 Bf3 35. Rc1 d2 36. Rxc4+ Kb7 37. Rb4+ Kc6 38. Bxd2 Rxd2 39. Ke1 Re2+ 40. Kf1 f5 41. Ra4 Kb6 42. Rb4+ Kc5 43. Ra4 Rxb2 44. Ra5+ Kd4 45. Rxf5 Ke3 46. Re5+ Be4 47. Kg1 Rb1+ 48. Kh2 Kxf4 0-1

[Event "Franfurt CC Ordix"]
[Site "Frankfurt"]
[Date "1997.??.??"]
[Round "1"]
[White "Chernin, Alexander"]
[Black "Sabel, Reinhard"]
[Result "1-0"]
[WhiteElo "2635"]
[BlackElo "2050"]
[PlyCount "63"]
[EventDate "1997.??.??"]
[Source "www.chesslib.no"]
[SourceDate "2004.05.04"]

1. c4 e6 2. Nc3 Nf6 3. e4 d6 4. d4 Be7 5. Bd3 c5 6. d5 e5 7. Nge2 O-O 8. f3 Ne8 9. Be3 f5 10. exf5 Bxf5 11. Bxf5 Rxf5 12. Qd2 Bg5 13. Bxg5 Qxg5 14. Qxg5 Rxg5 15. Ng3 Nd7 16. O-O Nef6 17. a3 Nb6 18. b3 Nbd7 19. Nb5 Ne8 20. Ne4 Rg6 21. Rac1 a6 22. Nbc3 Ndf6 23. b4 b6 24. bxc5 bxc5 25. Rb1 Nxe4 26. Nxe4 Nf6 27. Nc3 Nh5 28. Rb6 Nf4 29. g3 h6 30. Kh1 Nd3 31. Ne4 Kh7 32. Rb3 1-0

[Event "SCT Ladies Open"]
[Site "Stockholm SWE"]
[Date "2008.03.22"]
[Round "5"]
[White "Reizniece, D."]
[Black "Charkhalashvili, I."]
[Result "1-0"]
[WhiteElo "2309"]
[BlackElo "2369"]
[PlyCount "57"]
[EventDate "2008.03.20"]
[Source "www.chesslib.no"]
[SourceDate "2004.05.04"]

1. c4 Nf6 2. Nc3 e6 3. e4 d6 4. d4 Nbd7 5. f4 e5 6. fxe5 dxe5 7. dxe5 Nxe5 8. Qxd8+ Kxd8 9. Bg5 Be6 10. Nf3 h6 11. Bh4 Ng6 12. Bf2 c6 13. O-O-O+ Kc8 14. h3 Bb4 15. e5 Nd7 16. Bg3 Nb6 17. Nd4 Bxc4 18. Bxc4 Nxc4 19. Nf5 Ne7 20. Nd6+ Nxd6 21. exd6 Bxc3 22. bxc3 Nd5 23. c4 Ne3 24. Rde1 Nxc4 25. Re7 a5 26. Rhe1 Rd8 27. d7+ Rxd7 28. Re8+ Rd8 29. R1e7 1-0

[Event "Montigny op"]
[Site "Montigny"]
[Date "1999.??.??"]
[Round "4"]
[White "Verat, Laurent"]
[Black "Guedon, Stephanne"]
[Result "1/2-1/2"]
[WhiteElo "2321"]
[BlackElo "2351"]
[PlyCount "91"]
[EventDate "1999.11.??"]
[Source "www.chesslib.no"]
[SourceDate "2004.05.04"]

1. c4 Nf6 2. Nc3 e6 3. e4 d5 4. cxd5 exd5 5. e5 Ne4 6. Nxe4 dxe4 7. Qa4+ Nc6 8. Bb5 Qd5 9. Bxc6+ Qxc6 10. Qxc6+ bxc6 11. b3 Ba6 12. Bb2 O-O-O 13. Ne2 Bc5 14. Bc3 Rhe8 15. h4 Kb7 16. Rh3 Bxe2 17. Kxe2 Bd4 18. Rc1 c5 19. b4 Rxe5 20. bxc5 Rxc5 21. Rb1+ Kc8 22. Bxd4 Rxd4 23. Rb2 Ra4 24. Rg3 g6 25. Rgb3 h5 26. Ke3 Rc1 27. Kf4 Re1 28. Re3 Rf1 29. Kg3 f5 30. Rc2 f4+ 31. Kxf4 Rxf2+ 32. Kg3 Rf7 33. Rec3 Rd4 34. Rc6 Rg7 35. Kf4 e3+ 36. Kxe3 Rxh4 37. Rf6 Rg4 38. d4 Re7+ 39. Kf3 Re1 40. Rfc6 Rf1+ 41. Ke3 Rf7 42. d5 Rg3+ 43. Ke4 Rg4+ 44. Ke3 Rg3+ 45. Ke4 Rg4+ 46. Ke3 1/2-1/2

[Event "Budapest HUN"]
[Site "?"]
[Date "1986.??.??"]
[Round "?"]
[White "Mozes Ervin"]
[Black "Czegledi Zsolt"]
[Result "1/2-1/2"]
[WhiteElo "2440"]
[BlackElo "2225"]
[PlyCount "104"]
[EventDate "1986.??.??"]
[Source "www.chesslib.no"]
[SourceDate "2004.05.04"]

1. c4 Nf6 2. Nc3 e6 3. e4 d6 4. d4 c5 5. dxc5 Qa5 6. Bd2 Qxc5 7. Bd3 Bd7 8. Nf3 Be7 9. b4 Qc8 10. Rc1 O-O 11. O-O Nc6 12. Nd5 exd5 13. cxd5 Qd8 14. dxc6 Bxc6 15. Re1 Re8 16. Qb3 a6 17. Nd4 Bd7 18. h3 Rc8 19. Bc4 Rf8 20. a4 Qb6 21. Qb2 Ne8 22. a5 Qa7 23. Be3 Qb8 24. Qb3 Nc7 25. Bf4 Nb5 26. Qd3 Nxd4 27. Qxd4 Be6 28. Bf1 Rfd8 29. Qb6 Bd7 30. Rcd1 Bc6 31. Rd2 Qc7 32. Qe3 Bf6 33. Bg5 Qe7 34. Bxf6 Qxf6 35. Qd4 Qg6 36. Re3 Qe6 37. Bc4 Qe5 38. Rf3 Bxe4 39. Bxf7+ Kf8 40. Qxe5 dxe5 41. Rxd8+ Rxd8 42. Re3 Rd4 43. Bh5 Rxb4 44. f3 Bc6 45. Rxe5 Rb5 46. f4 g6 47. Be2 Rb4 48. g3 Rb2 49. Kf2 Bb5 50. Kf3 Bxe2+ 51. Rxe2 Rb5 52. Re5 Rb3+ 1/2-1/2

[Event "Ceske Budejovice Open"]
[Site "Ceske Budejovice CZE"]
[Date "1995.??.??"]
[Round "1"]
[White "Hausner, Ivan"]
[Black "Kaderabek, Jiri"]
[Result "1-0"]
[WhiteElo "2450"]
[BlackElo "2200"]
[PlyCount "45"]
[EventDate "1995.??.??"]
[Source "www.chesslib.no"]
[SourceDate "2004.05.04"]

1. c4 Nf6 2. Nc3 e6 3. e4 d5 4. cxd5 exd5 5. e5 d4 6. exf6 dxc3 7. bxc3 Qxf6 8. Nf3 Bd6 9. d4 O-O 10. Be2 h6 11. O-O Bf5 12. Bb2 Nd7 13. Qd2 Be4 14. c4 Bf4 15. Qd1 Qg6 16. Nh4 Qf6 17. g3 c6 18. Re1 Bc7 19. Bg4 Nb6 20. Rxe4 Nxc4 21. Bc3 Rfe8 22. Rxe8+ Rxe8 23. Qd3 1-0

[Event "otb"]
[Site "otb"]
[Date "2006.10.21"]
[Round "3"]
[White "Lehtinen H"]
[Black "Kokkila Tero"]
[Result "1/2-1/2"]
[WhiteElo "2360"]
[BlackElo "2288"]
[PlyCount "67"]
[Source "www.chesslib.no"]
[SourceDate "2004.05.04"]

1. c4 Nf6 2. Nc3 e6 3. e4 d5 4. cxd5 exd5 5. e5 d4 6. exf6 dxc3 7. Qe2+ Be6 8. dxc3 Qxf6 9. Nf3 Nc6 10. Qb5 Rb8 11. Bg5 Qf5 12. Qxf5 Bxf5 13. O-O-O Bd6 14. Re1+ Kd7 15. Bb5 f6 16. Nd4 fxg5 17. Nxf5 Rhf8 18. Nxd6 cxd6 19. f3 Rbe8 20. Bd3 Rxe1+ 21. Rxe1 Ne7 22. Be4 d5 23. Bc2 Kd6 24. Rd1 h6 25. Kd2 g4 26. Ke3 gxf3 27. gxf3 Ke5 28. Rd4 g5 29. Ra4 Nc6 30. h4 Rf4 31. hxg5 hxg5 32. Bd1 d4+ 33. cxd4+ Rxd4 34. Bc2 1/2-1/2

[Event "Nordic Championships, Bergen NOR"]
[Site "?"]
[Date "2001.??.??"]
[Round "4"]
[White "Gunnarsson, Arn"]
[Black "Manne, P."]
[Result "1/2-1/2"]
[WhiteElo "2260"]
[BlackElo "2385"]
[PlyCount "128"]
[EventDate "2001.??.??"]
[Source "www.chesslib.no"]
[SourceDate "2004.05.04"]

1. c4 Nf6 2. Nc3 e6 3. e4 d5 4. cxd5 exd5 5. e5 Nfd7 6. d4 c5 7. dxc5 d4 8. Qxd4 Nc6 9. Qf4 Nxc5 10. Nf3 Be6 11. Be3 Qb6 12. O-O-O Qa5 13. Bc4 Be7 14. Bxc5 Qxc5 15. Bxe6 fxe6 16. Qg4 O-O 17. Qxe6+ Kh8 18. Kb1 Qxf2 19. Rd2 Qc5 20. Qd5 Qb4 21. a3 Qf4 22. Qe4 Qh6 23. Rd7 Rf4 24. Qd3 Qe6 25. Re1 b5 26. Rb7 b4 27. Nd5 Rg4 28. h3 Rxg2 29. Nf4 Qc8 30. Rxe7 Nxe7 31. Nxg2 Qxh3 32. Nf4 Qg4 33. Ne2 bxa3 34. Rg1 Qf5 35. Qxf5 Nxf5 36. bxa3 h6 37. e6 Re8 38. Ned4 Nxd4 39. Nxd4 g5 40. Re1 Kg7 41. Nf5+ Kf6 42. Nxh6 Rxe6 43. Ng4+ Kf5 44. Rxe6 Kxe6 45. Kc2 Kf5 46. Nh6+ Kg6 47. Ng4 Kf5 48. Nf2 Kf4 49. Kd3 Kf3 50. Ne4 g4 51. a4 g3 52. Nc3 g2 53. Ne2 Kf2 54. a5 Kf3 55. a6 Kg4 56. Ke4 Kg5 57. Nf4 g1=N 58. Nd5 Ne2 59. Ke5 Kg6 60. Nc7 Kf7 61. Nb5 Ke7 62. Nxa7 Kd7 63. Kd5 Kc7 64. Kc5 Nd4 1/2-1/2

[Event "XIII Open internazionale"]
[Site "Villa de Coria del Río SPA"]
[Date "2007.02.24"]
[Round "4"]
[White "Lalic, Bogdan"]
[Black "Pereira, Manuel"]
[Result "1-0"]
[WhiteElo "2522"]
[BlackElo "2121"]
[PlyCount "51"]
[EventDate "2007.02.21"]
[Source "www.chesslib.no"]
[SourceDate "2004.05.04"]

1. c4 Nf6 2. Nc3 e6 3. e4 d6 4. d4 Nbd7 5. Nf3 c5 6. Be2 cxd4 7. Nxd4 Be7 8. O-O O-O 9. Be3 b6 10. Nc6 Qe8 11. Nb5 Nc5 12. Nxe7+ Qxe7 13. Qxd6 Qxd6 14. Nxd6 e5 15. f3 Ne6 16. Rfd1 Bd7 17. Rd2 Bc6 18. b4 Rfd8 19. c5 bxc5 20. bxc5 Ne8 21. Bc4 N8c7 22. Bd5 Bxd5 23. exd5 Nf4 24. Bxf4 exf4 25. Rad1 Rab8 26. Nf5 1-0

[Event "It (Open) Djakovo CRO"]
[Site "?"]
[Date "2006.05.01"]
[Round "3"]
[White "Budimir Boris"]
[Black "Bender Ivan"]
[Result "1-0"]
[WhiteElo "2328"]
[BlackElo "2312"]
[PlyCount "87"]
[EventDate "2006.??.??"]
[Source "www.chesslib.no"]
[SourceDate "2004.05.04"]

1. c4 Nf6 2. Nc3 e6 3. e4 d5 4. cxd5 exd5 5. e5 d4 6. exf6 dxc3 7. Qe2+ Be6 8. Qb5+ Nd7 9. dxc3 Qxf6 10. Nf3 Qe7 11. Be3 O-O-O 12. Qa5 Nb8 13. Qxa7 h6 14. Be2 g5 15. O-O f5 16. Qa8 c5 17. b4 Qc7 18. bxc5 Bxc5 19. Bd4 Rhe8 20. Bb5 Bd7 21. Rab1 Bxb5 22. Rxb5 Bxd4 23. cxd4 Rd6 24. Qa3 Ra6 25. Qb2 g4 26. Ne5 Nc6 27. Nxc6 Rxc6 28. Rxf5 Kb8 29. Rb5 Re7 30. d5 Rc5 31. a4 Rxb5 32. axb5 b6 33. Qh8+ Qc8 34. Qxh6 Qd8 35. Qf4+ Kb7 36. d6 Rd7 37. Rd1 Qe8 38. Qd2 Kb8 39. Qd4 Qd8 40. Qd5 Qf6 41. Qc6 Rb7 42. d7 Qd8 43. Qd6+ Ka8 44. Ra1+ 1-0

[Event "Budapest FS11 IM-A"]
[Site "Budapest"]
[Date "1994.??.??"]
[Round "7"]
[White "Shurygin, Sergey"]
[Black "Csonkics, Tunde"]
[Result "1-0"]
[WhiteElo "2320"]
[BlackElo "2320"]
[PlyCount "45"]
[EventDate "1994.11.??"]
[Source "www.chesslib.no"]
[SourceDate "2004.05.04"]

1. c4 Nf6 2. Nc3 e6 3. e4 d5 4. cxd5 exd5 5. e5 Ne4 6. Nf3 Nxc3 7. bxc3 c5 8. d4 cxd4 9. cxd4 Bb4+ 10. Bd2 Qa5 11. Rb1 Bxd2+ 12. Qxd2 Qxd2+ 13. Kxd2 a6 14. Bd3 O-O 15. Rhc1 Rd8 16. Rc7 b5 17. Ng5 Bd7 18. Bxh7+ Kf8 19. Rb3 f6 20. e6 fxg5 21. exd7 Nxd7 22. Bf5 Nf6 23. Rh3 1-0

[Event "Amsterdam m1"]
[Site "?"]
[Date "2004.07.23"]
[Round "7"]
[White "Wintzer Joachim"]
[Black "Bitalzadeh Ali"]
[Result "1/2-1/2"]
[WhiteElo "2333"]
[BlackElo "2289"]
[PlyCount "64"]
[EventDate "2004.??.??"]
[Source "www.chesslib.no"]
[SourceDate "2004.05.04"]

1. c4 Nf6 2. Nc3 e6 3. e4 d5 4. cxd5 exd5 5. e5 Ne4 6. Nf3 Bf5 7. d4 Bb4 8. Qb3 Nc6 9. Bb5 O-O 10. O-O Bxc3 11. bxc3 Na5 12. Qb4 b6 13. Nd2 c5 14. Qb2 cxd4 15. cxd4 Rc8 16. Ba6 Nxd2 17. Qxd2 Rc2 18. Qf4 Qd7 19. Ba3 Rd8 20. Rfc1 Rxc1+ 21. Rxc1 Nc4 22. Bd6 Be6 23. h3 h6 24. Bxc4 dxc4 25. Rc3 Qc6 26. Rg3 Kh7 27. Be7 Rg8 28. Qd2 Qd7 29. Bd6 Qc6 30. Qc2+ g6 31. a3 Rc8 32. Qc3 Qe4 1/2-1/2

[Event "It Open"]
[Site "Sandomier POL"]
[Date "1976.??.??"]
[Round "9"]
[White "Kopszorus Pal"]
[Black "Manasterski, Lutoslaw"]
[Result "0-1"]
[WhiteElo "2275"]
[BlackElo "2340"]
[PlyCount "70"]
[EventDate "1976.??.??"]
[Source "www.chesslib.no"]
[SourceDate "2004.05.04"]

1. c4 Nf6 2. Nc3 e6 3. e4 d6 4. d4 c5 5. dxc5 Qa5 6. Bd2 Qxc5 7. Be2 Be7 8. Nf3 a6 9. O-O O-O 10. b4 Qc7 11. Qb3 Nbd7 12. Nd4 b6 13. f3 Bb7 14. Rac1 Rac8 15. Be3 Rfe8 16. Rfd1 Qb8 17. Bf2 Ne5 18. Nc2 Ng6 19. Ne3 Nf4 20. Bf1 Ng6 21. g3 Ne5 22. Be2 Bf8 23. f4 Ng6 24. Bf3 Qa8 25. Qb1 h5 26. a3 Rc7 27. h3 Rec8 28. Qd3 h4 29. Rc2 b5 30. cxb5 axb5 31. Nxb5 Rxc2 32. Nxc2 Nxe4 33. Ne1 hxg3 34. Be3 Nf2 35. Bxf2 Nxf4 0-1

[Event "Villalba op"]
[Site "Villalba"]
[Date "1996.??.??"]
[Round "3"]
[White "Lopez de Turiso, Jose Angel"]
[Black "Pogorelov, Ruslan"]
[Result "0-1"]
[WhiteElo "2175"]
[BlackElo "2440"]
[PlyCount "120"]
[EventDate "1996.??.??"]
[Source "www.chesslib.no"]
[SourceDate "2004.05.04"]

1. c4 Nf6 2. Nc3 e6 3. e4 d5 4. cxd5 exd5 5. e5 Ne4 6. Nf3 Nc5 7. d4 Ne6 8. Be3 Be7 9. Bd3 c6 10. Rc1 g6 11. h4 Ng7 12. Bg5 h6 13. Bxe7 Qxe7 14. Nxd5 Qd8 15. Nf6+ Kf8 16. Qd2 Ne6 17. d5 cxd5 18. Nxd5 Nc6 19. Be4 Kg7 20. Rd1 Nc5 21. Bb1 Be6 22. Ne3 Qxd2+ 23. Rxd2 Nd7 24. Be4 Ndxe5 25. Nxe5 Nxe5 26. Bxb7 Rad8 27. Rxd8 Rxd8 28. b3 Nd3+ 29. Ke2 Nb4 30. Ra1 Rb8 31. Bf3 a5 32. Kd2 Rd8+ 33. Ke2 f5 34. g3 f4 35. gxf4 Rd4 36. Ng2 a4 37. a3 Nc2 38. Rc1 axb3 39. Ne3 Nxa3 40. Rc7+ Rd7 41. Rxd7+ Bxd7 42. Nd1 Nc4 43. Be4 b2 44. Bd3 Bf5 45. Nxb2 Nxb2 46. Bb5 Kf6 47. Be8 Nd3 48. Kf3 h5 49. Kg3 Ne1 50. Bc6 Ke6 51. Bb7 Kd6 52. Ba8 Kc5 53. Bb7 Kd4 54. Bc6 Be4 55. Bb5 Nd3 56. Ba6 Kc3 57. Bb5 Kd2 58. Ba6 Ke1 59. f3 Bf5 60. Bb7 Ke2 0-1

[Event "ESP Team Ch"]
[Site "Cordoba ARG"]
[Date "1995.??.??"]
[Round "3"]
[White "Gamundi Salamanca, Antonio"]
[Black "Merino Garcia, Rafael"]
[Result "1/2-1/2"]
[WhiteElo "2375"]
[BlackElo "2240"]
[PlyCount "77"]
[EventDate "1995.??.??"]
[Source "www.chesslib.no"]
[SourceDate "2004.05.04"]

1. c4 Nf6 2. Nc3 e6 3. e4 d5 4. cxd5 exd5 5. e5 Ne4 6. Nxe4 dxe4 7. Qa4+ Nc6 8. Qxe4 Qd4 9. Qxd4 Nxd4 10. Bd3 Bc5 11. b3 O-O 12. Bb2 Rd8 13. Rc1 Bb4 14. Bxd4 Rxd4 15. Rc4 Rxc4 16. Bxc4 Bf5 17. Nf3 Rd8 18. O-O h6 19. d4 Be4 20. Be2 c6 21. Rd1 Bc3 22. Kf1 Bxf3 23. gxf3 Rxd4 24. Rxd4 Bxd4 25. f4 g5 26. fxg5 hxg5 27. Bg4 Bxe5 28. h3 Kf8 29. Bc8 b6 30. Bb7 c5 31. Ke2 Ke7 32. Kd3 Kd6 33. f3 Kc7 34. Bd5 f6 35. Bc4 Kc6 36. a4 Kd6 37. Ke4 Bc3 38. Kf5 Bb2 39. Ke4 1/2-1/2

[Event "AUT Ch"]
[Site "Austria"]
[Date "1994.??.??"]
[Round "4"]
[White "Kwatschewsky, Leo"]
[Black "Stanka, Wolfgang"]
[Result "1-0"]
[WhiteElo "2260"]
[BlackElo "2350"]
[PlyCount "117"]
[EventDate "1994.??.??"]
[Source "www.chesslib.no"]
[SourceDate "2004.05.04"]

1. c4 Nf6 2. Nc3 e6 3. e4 d5 4. cxd5 exd5 5. e5 d4 6. exf6 dxc3 7. Bb5+ c6 8. Qe2+ Be6 9. Bc4 Qxf6 10. dxc3 Bc5 11. Bxe6 Qxe6 12. Qxe6+ fxe6 13. Nf3 O-O 14. O-O Nd7 15. Re1 Rae8 16. Be3 Bxe3 17. Rxe3 Rf6 18. Rd1 Nf8 19. Ne5 Ng6 20. Nxg6 hxg6 21. Rd7 Rf7 22. Red3 Ref8 23. f3 Kh7 24. Kf2 g5 25. R3d6 g4 26. Rxf7 Rxf7 27. Rxe6 gxf3 28. g3 g6 29. Re3 Kg7 30. Rxf3 Rd7 31. Ke2 c5 32. Rd3 Rf7 33. Re3 Kh6 34. Re5 b6 35. a4 c4 36. h4 Rd7 37. g4 Rd3 38. Re3 Rd5 39. Re6 Ra5 40. h5 Rxa4 41. Rxg6+ Kh7 42. Rc6 b5 43. g5 Ra2 44. Rc7+ Kh8 45. g6 Rxb2+ 46. Kf3 Rh2 47. Kg4 Rg2+ 48. Kf5 Rd2 49. Rc8+ Kg7 50. Rc7+ Kh8 51. h6 Rd8 52. Kf6 a5 53. Kf7 Rb8 54. Re7 b4 55. Re8+ Rxe8 56. Kxe8 Kg8 57. h7+ Kg7 58. h8=Q+ Kxh8 59. Kf7 1-0